History, memory, and politics in postwar Japan

Explores Japan's historical narratives, and their impact on both domestic politics and diplomatic relations, as they have evolved from 1946 to the present

में बचाया:
ग्रंथसूची विवरण
स्वरूप: पुस्तक
भाषा:Undetermined
प्रकाशित: Boulder, Colorado Lynne Rienner Publishers, Inc. 2020
विषय:
टैग : टैग जोड़ें
कोई टैग नहीं, इस रिकॉर्ड को टैग करने वाले पहले व्यक्ति बनें!
Thư viện lưu trữ: Trung tâm Học liệu Trường Đại học Cần Thơ
LEADER 00746nam a2200205Ia 4500
001 CTU_240037
008 210402s9999 xx 000 0 und d
020 |c 891824 
082 |a 327.52 
082 |b H673 
245 0 |a History, memory, and politics in postwar Japan 
245 0 |c Edited by Iokibe Kaoru ... [et al.] 
260 |a Boulder, Colorado 
260 |b Lynne Rienner Publishers, Inc. 
260 |c 2020 
520 |a Explores Japan's historical narratives, and their impact on both domestic politics and diplomatic relations, as they have evolved from 1946 to the present 
650 |a Nhật Bản,Japan 
650 |x Ngoại giao,Foreign relations 
910 |b nthai 
980 |a Trung tâm Học liệu Trường Đại học Cần Thơ